000
00328pab a2200145 454500
008
180718b2001 xxu||||| |||| 00| 0 eng d
100
_a
Singh, N.P.
245
_a
Urban solid waste management
260
_c
2001
300
_a
p.32-45
362
_a
Jan-Mar
650
_a
Waste treatment
773
_a
Nagarlok
909
_a
51351
999
_c
51351
_d
51351